000 01006nam a2200325 a 4500
001 000015023
003 DO-SdBNP
005 20171024110818.0
007 000015023
008 100129s2008 dr ac 001 0 spa d
020 _a9789945429060
040 _aBPMSU
_bspa
_cBPMSU
049 _a
082 4 _a641.5
_bS725r
100 1 _aSousa de Baquero, Hortensia
245 1 0 _aRecetas con sabor espiritual /
_cHortensia Sousa de Baquero ; prólogo Tensy Brugal Bancalary.
260 _aSanto Domingo :
_bAguilar,
_c2007.
300 _a210 p. :
_bil. ;
_c25 cm.
500 _aSobrosos menús que llegan al alma
500 _aIncluye datos biográficos del autor en la solapa
650 4 _aGASTRONOMÍA
650 4 _aCOCINA DOMINICANA
650 4 _aCOMIDAS Y BANQUETES
650 4 _aAGASAJOS
700 1 _aBrugal Bancalary, Tensy
_epról.
910 _aValidado. Control de calidad MFF
942 _2ddc
_cBK
945 _ainventariado / 2017 VM
956 _aVMATEO
_b10
_c20150717
_lBPMSU
_h00151
999 _c7715
_d7715